Economics

Gespeichert in:
Bibliographische Detailangaben
1. Verfasser: Samuelson, Paul A.
Format: Buch
Sprache:Englisch
Veröffentlicht: New York McGraw-Hill Book Company 1970
Ausgabe:8th Ed.
Tags: Tag hinzufügen
Keine Tags, Fügen Sie das erste Tag hinzu!

MARC

LEADER 00000nam a2200000 4500
001 c121890
005 20221207103527.2
041 0 |a eng 
044 |a US 
245 1 0 |a Economics  |c Paul A. Samuelson 
250 |a 8th Ed. 
264 1 |a New York  |b McGraw-Hill Book Company  |c 1970 
300 |a 868 s. 
100 1 |a Samuelson, Paul A.